[Event "EICC 2019"]
[Site "Skopia"]
[Date "2019.03.20"]
[Round "3.28"]
[White "Ruck, Robert"]
[Black "Kuzubov, Yuriy"]
[Result "0-1"]
[WhiteElo "2521"]
[BlackElo "2644"]
[Annotator "TA"]
[PlyCount "73"]
[EventDate "2019.03.18"]
[EventType "swiss"]
[EventCountry "MKD"]
[SourceTitle "playchess.com"]
[Source "ChessBase"]
[SourceQuality "1"]

{[%evp 14,73,34,30,31,26,35,20,20,8,20,-4,0,-1,-8,-11,-11,-9,-10,-19,-14,-8,-11,-12,0,-11,0,0,2,0,0,0,0,0,0,0,0,0,0,0,13,0,0,0,0,0,0,-17,18,15,14,8,18,0,0,0,0,0,0,0,0,0]} 1. Nf3 d5 2. d4 Nf6 3. c4 e6 4. Nc3 Nbd7 5. Bf4 dxc4 6. e3 Nd5 7. Bxc4 Nxf4 8. exf4 Nb6 {D37: Queen's Gambit Declined: 5 Bf4} 9. Bb3 g6 (9... Bd6 10. g3 Bd7 11. O-O O-O 12. Qd3 Bc6 13. Rad1 Qf6 14. Ne5 Bxe5 15. fxe5 Qf3 16. Qxf3 Bxf3 {½-½ (32) Wojtaszek,R (2727)-Wang,H (2722) Porto Carras 2018}) 10. Qe2 Bg7 {The position is equal.} 11. O-O O-O 12. Ne4 $146 ({Predecessor:} 12. Rad1 a5 13. a3 a4 14. Ba2 Nd5 15. g3 b6 16. Rfe1 {0-1 (60) Basso,P (2529)-Moroni,L (2559) Salerno 2018}) 12... a5 {[%cal Ba7a5,Ba5a4][%mdl 32]} 13. Rac1 a4 14. Bc2 Nd5 15. g3 b6 16. Rfd1 a3 17. bxa3 Rxa3 {[#] Hoping for ...Ba6.} 18. Bb3 Bb7 19. Ne5 Qa8 20. Ng5 {Black should prevent Nexf7.} Qe8 21. Ne4 (21. Qg4 {looks sharper.} Qe7 22. h4 Nf6 23. Qe2 Bd5 24. Rd3) 21... Qe7 22. Nc6 Bxc6 23. Rxc6 Ra7 24. Ng5 {[#] Strongly threatening Bxd5.} Qd7 25. Rcc1 Rd8 26. h4 Qd6 27. Ne4 Qe7 28. Ng5 Bf6 29. Ne4 h5 30. Rd2 Bxh4 31. gxh4 {And now f5! would win.} Nxf4 32. Qf3 Qxh4 33. Rcd1 Ra5 34. Qg3 Nh3+ 35. Kf1 Qxe4 36. Qxh3 Rg5 37. Rd3 {[%mdl 32768] Accuracy: White = 61%, Black = 73%. . Loss on time!?} 0-1

[Event "EICC 2019"]
[Site "Skopia"]
[Date "2019.03.20"]
[Round "3.29"]
[White "Anton Guijarro, David"]
[Black "Sivuk, Vitaly"]
[Result "1/2-1/2"]
[WhiteElo "2643"]
[BlackElo "2514"]
[Annotator "TA"]
[PlyCount "81"]
[EventDate "2019.03.18"]
[EventType "swiss"]
[EventCountry "MKD"]
[SourceTitle "playchess.com"]
[Source "ChessBase"]
[SourceQuality "1"]

{[%evp 14,81,28,14,34,21,28,19,29,22,25,22,39,34,38,35,34,29,28,20,19,12,16,0,18,16,14,0,13,0,16,0,0,0,12,0,0,0,8,0,15,16,25,0,17,14,29,27,34,35,29,27,29,19,22,15,36,18,14,12,24,6,9,6,6,6,8,4,9,0]} 1. c4 c6 2. Nf3 Nf6 3. Nc3 d5 4. e3 a6 5. d4 Bf5 6. Bd3 {D15: Slav Defence: 4 Nc3 a6 and gambit lines after 4 Nc3 dxc4} Bg6 (6... Bxd3 7. Qxd3 e6 8. e4 dxe4 9. Nxe4 Nxe4 10. Qxe4 Bb4+ 11. Kf1 Be7 12. g3 Nd7 13. Kg2 O-O {½-½ (39) Vidit,S (2695)-Andreikin,D (2725) chess.com INT 2019}) 7. O-O e6 8. Qe2 {LiveBook: 15 Games. White has an edge.} Nbd7 (8... Bxd3 {seems wilder.} 9. Qxd3 Bb4 10. Bd2 O-O 11. Nxd5 Nxd5 12. cxd5 Bxd2 13. Nxd2 cxd5 14. Rac1 Nc6) 9. e4 dxe4 10. Nxe4 Nxe4 11. Bxe4 Bxe4 12. Qxe4 Nf6 $146 ({Predecessor:} 12... Be7 13. Bf4 O-O {½-½ (43) Neiksans,A (2572)-Yilmaz,M (2569) Tromsoe 2014}) 13. Qe2 Be7 14. Bf4 O-O 15. Rfd1 {[%cal Bf1d1,Bd1d3,Bd3e3,Be3e5][%mdl 32]} Re8 16. b3 Qa5 17. Rd3 Rad8 18. Re3 Bd6 19. Bxd6 Rxd6 20. Re5 Qc7 21. h3 Red8 22. b4 h6 23. Rb1 Nd7 24. Re4 Nf6 25. Re3 R6d7 26. a4 Rd6 27. Reb3 R6d7 28. Re3 Rd6 29. c5 R6d7 30. b5 axb5 31. axb5 Nd5 32. Reb3 Nf4 33. Qe4 {[#] bxc6 is the strong threat.} Ng6 34. bxc6 Qxc6 35. Qe3 Qd5 36. Rb5 Re7 37. Qb3 Qxb3 {The position is equal.} 38. R5xb3 Rdd7 39. h4 f6 40. g3 h5 41. Re3 {Precision: White = 45%, Black = 66%.} 1/2-1/2

[Event "EICC 2019"]
[Site "Skopia"]
[Date "2019.03.20"]
[Round "3.30"]
[White "Demidov, Mikhail"]
[Black "Zvjaginsev, Vadim"]
[Result "0-1"]
[WhiteElo "2520"]
[BlackElo "2642"]
[Annotator "TA"]
[PlyCount "74"]
[EventDate "2019.03.18"]
[EventType "swiss"]
[EventCountry "MKD"]
[SourceTitle "playchess.com"]
[Source "ChessBase"]
[SourceQuality "1"]

{[%evp 14,74,20,25,16,11,16,3,14,-6,0,-30,0,-18,-37,-47,-25,-69,-64,-75,-89,-77,-101,-144,-143,-125,-98,-165,-174,-199,-175,-220,-217,-227,-233,-254,-202,-193,-181,-221,-231,-188,-154,-547,-555,-1831,-1764,-1745,-1656,-29982,-29983,-29983,-29984,-29984,-29985,-29987,-29988,-29990,-29991,-29993,-29994,-29994,-29995]} 1. d4 d5 2. c4 e6 3. Nc3 Nf6 4. cxd5 exd5 5. Bg5 c6 6. e3 Be7 7. Bd3 O-O 8. Qc2 Re8 {D36: Queen's Gambit Declined: Exchange Variation: Main line (5 Bg5 c6 6 Qc2)} 9. Nge2 (9. Nf3 h6 10. Bf4 Be6 11. h3 c5 12. dxc5 Bxc5 13. O-O Nbd7 14. Rac1 a6 15. Rfd1 Rc8 16. Qb1 {½-½ (81) Tomashevsky,E (2722)-Zvjaginsev,V (2675) Novi Sad 2016}) 9... g6 10. h3 Nbd7 {The position is equal.} 11. Bf4 $146 ({Predecessor:} 11. O-O Nh5 12. Bh6 Bf8 13. Bxf8 Nxf8 14. Kh1 Qe7 15. Rab1 Ne6 16. b4 Qh4 17. Ng1 {0-1 (54) Troia,E (2297)-Pino Munoz,F (2298) ICCF email 2013}) 11... Nf8 12. O-O-O a5 13. a4 Ne6 14. Be5 Nd7 15. Bh2 Nb8 16. g4 Na6 17. Bxa6 Rxa6 18. f4 {[#]} b5 $1 19. f5 Ng5 20. h4 (20. axb5 $6 cxb5 21. Nxb5 Bb7 $11) (20. fxg6 $17 hxg6 21. axb5 cxb5 22. Nxb5) 20... Nf3 $19 21. fxg6 fxg6 {White must now prevent ...b4.} ({But not} 21... hxg6 22. h5 $17) 22. h5 {[#]} g5 $1 ({Not} 22... Bxg4 23. hxg6 h5 24. axb5 $15) 23. axb5 cxb5 {...Rc6 is the strong threat.} 24. Nxb5 Nxh2 ({Less strong is} 24... Bxg4 25. Nc7 $15) 25. Rxh2 Bxg4 26. Rg1 Qd7 {aiming for ...Bf5.} 27. Nbc3 a4 {Strongly threatening ...Bf5.} 28. Nf4 $2 (28. Rhg2 $17 {nothing else works.} Bxh5 29. Nf4) 28... a3 29. bxa3 Bxa3+ {[%mdl 64] Discovered Attack} 30. Kd2 gxf4 31. Rhg2 fxe3+ {Black mates.} 32. Ke1 Bb4 33. Rxg4+ Kh8 34. Rg7 Bxc3+ {[%mdl 64] Overworked Piece} 35. Qxc3 Qf5 36. R7g2 Qb1+ 37. Ke2 Ra2+ {Accuracy: White = 22%, Black = 77%.} 0-1

[Event "EICC 2019"]
[Site "Skopia"]
[Date "2019.03.20"]
[Round "3.31"]
[White "Alekseev, Evgeny"]
[Black "Sanal, Vahap"]
[Result "1-0"]
[WhiteElo "2640"]
[BlackElo "2511"]
[Annotator "TA"]
[PlyCount "107"]
[EventDate "2019.03.18"]
[EventType "swiss"]
[EventCountry "MKD"]
[SourceTitle "playchess.com"]
[Source "ChessBase"]
[SourceQuality "1"]

{[%evp 12,107,21,21,35,23,48,48,64,35,37,28,38,39,55,44,60,64,75,69,73,58,47,45,87,85,121,112,128,128,121,126,122,124,119,123,122,133,136,139,120,126,126,126,126,126,206,204,186,202,214,214,214,214,208,200,214,181,359,359,340,255,356,358,350,329,286,246,239,244,212,0,119,119,132,119,160,119,117,100,112,112,112,108,197,184,398,410,369,369,420,404,464,456,591,373,579,558]} 1. d4 Nf6 2. c4 e6 3. Nf3 d5 4. e3 c6 5. b3 Nbd7 6. Bd3 Bd6 7. Bb2 Ne4 {A06: Réti Opening:1 Nf3 d5} (7... O-O 8. Nbd2 b6 9. O-O Bb7 10. Qe2 c5 11. Rad1 Ne4 12. cxd5 exd5 13. Ba6 Bxa6 14. Qxa6 Re8 15. dxc5 Ndxc5 16. Qe2 Rc8 17. Rc1 Bf8 18. Rfd1 Qe7 {½-½ (45) Radjabov,T (2710)-Ding,L (2773) Moscow 2017}) 8. O-O Qc7 9. Qc2 $146 ({Predecessor:} 9. h3 O-O 10. Bxe4 dxe4 11. Ng5 Nf6 12. Nc3 Rd8 13. Ngxe4 {1-0 (32) Ranaldi,L (2014)-Krogseth,L (1585) Fagernes 2015}) 9... f5 {White is slightly better.} 10. Ba3 O-O 11. Rc1 Rf6 12. Bxd6 Qxd6 13. Qb2 Rh6 14. Qa3 Qxa3 15. Nxa3 b6 16. Nc2 Bb7 17. Nce1 Re8 18. b4 Rf6 19. a4 {[%cal Ba2a4,Ba4a5][%mdl 32]} Kf8 20. a5 dxc4 21. Bxc4 e5 22. axb6 axb6 23. Ra7 Nd6 24. Ng5 {aiming for Ba6.} Rh6 25. Nf7 Nxf7 26. Rxb7 Rd6 27. Bxf7 $1 Kxf7 {[#]} 28. Nf3 $1 $36 {[%cal Rf3e5][%mdl 2048] Black must now prevent Nxe5+. Keeping Black busy.} Kf6 (28... Kf8 $16 29. dxe5 Nxe5) 29. dxe5+ $18 {[%mdl 64] Overworked Piece} Nxe5 30. Nxe5 Rxe5 31. Rxb6 {[%mdl 4096] Endgame KRR-KRR} Ree6 32. g3 g6 33. Kg2 Kf7 34. Rc2 h5 $2 (34... g5 35. Rc5 Kg6) 35. h4 Ke7 36. Kf3 Kf6 37. Ra2 Kf7 38. Ra7+ Kf6 39. Rbb7 Rd2 40. Ra6 Rb2 41. Raa7 $2 (41. Rbb6 $18) 41... Rd6 (41... Rd2 $1 $11 {keeps the balance.}) 42. Rf7+ $16 Ke5 43. Rab7 Kd5 44. Rfc7 Ke5 45. Re7+ Kd5 46. Rb6 Kc4 47. Rc7 Kd5 (47... Rdd2 $16 {was worth a try.} 48. Rcxc6+ (48. Rbxc6+ Kb5 $16) 48... Kb3) 48. Rc8 $18 Re6 $2 {[#]} (48... Ra2 49. b5 cxb5 50. Rxb5+ Ke6) 49. Ra8 $1 Rd6 50. Raa6 Rb3 51. Kf4 Re6 52. Ra5+ Kc4 53. Rc5+ Kd3 54. Kf3 {Accuracy: White = 84%, Black = 40%.} 1-0

[Event "EICC 2019"]
[Site "Skopia"]
[Date "2019.03.20"]
[Round "3.32"]
[White "Zanan, Evgeny"]
[Black "Yilmaz, Mustafa"]
[Result "0-1"]
[WhiteElo "2514"]
[BlackElo "2636"]
[Annotator "TA"]
[PlyCount "58"]
[EventDate "2019.03.18"]
[EventType "swiss"]
[EventCountry "MKD"]
[SourceTitle "playchess.com"]
[Source "ChessBase"]
[SourceQuality "1"]

{[%evp 24,58,22,25,28,26,14,-30,0,0,0,-51,-21,-28,-29,-72,-93,-104,-104,-187,-183,-200,-217,-219,-198,-333,-320,-565,-291,-1193,-1153,-29990,-29991,-29991,-29992,-29992,-29993]} 1. e4 c5 2. Nf3 d6 3. d4 cxd4 4. Nxd4 Nf6 5. Nc3 a6 6. Be3 e5 7. Nb3 Be6 8. f3 h5 9. Nd5 {B90: Sicilian Najdorf: Unusual White 6th moves, 6 Be3 Ng4 and 6 Be3 e5} Bxd5 10. exd5 Nbd7 11. Qd2 g6 12. O-O-O Nb6 13. Kb1 {LiveBook: 19 Games} Nfxd5 14. Bf2 {Black must now prevent Qa5.} Nf6 {[#]} 15. Qe1 $146 ({Predecessor:} 15. Bd3 Nbd7 16. Rhe1 Qc7 17. g3 Bh6 {½-½ (17) Saric,I (2654)-Palac,M (2568) Porec 2016}) 15... Be7 16. g3 Qc7 17. Bd3 ({White should play} 17. f4 $11) 17... Rc8 18. f4 Nc4 19. Nd2 b5 $1 {[%cal Bb7b5,Bb5c4][%mdl 32]} 20. h3 O-O $1 $36 {[%mdl 2048] White is under strong pressure.} 21. f5 {[#]} (21. Bxc4 $17 {might work better.} bxc4 22. c3) 21... d5 $1 $19 22. Bxc4 bxc4 23. Nf3 {[#]} Bd6 $1 ({Much less strong is} 23... gxf5 24. Qxe5 Qxe5 25. Nxe5 $17) 24. g4 (24. Be3 {was necessary.}) 24... Rb8 {aiming for ...Ba3.} (24... hxg4 25. hxg4 c3 26. b3 $14) 25. gxh5 $2 (25. Ng5) 25... Ne4 {...Ba3 is the strong threat.} 26. Qe3 $2 (26. hxg6 fxg6 27. Rg1) 26... Bc5 27. Qh6 Rxb2+ {Black mates.} 28. Kxb2 Rb8+ 29. Ka1 Qa5 {Precision: White = 19%, Black = 70%.} 0-1

[Event "EICC 2019"]
[Site "Skopia"]
[Date "2019.03.20"]
[Round "3.33"]
[White "Lysyj, Igor"]
[Black "Mirzoev, Emil"]
[Result "1-0"]
[WhiteElo "2635"]
[BlackElo "2511"]
[Annotator "TA"]
[PlyCount "75"]
[EventDate "2019.03.18"]
[EventType "swiss"]
[EventCountry "MKD"]
[SourceTitle "playchess.com"]
[Source "ChessBase"]
[SourceQuality "1"]

{[%evp 17,75,33,40,22,33,23,35,12,24,27,53,55,99,104,91,48,28,44,41,-25,56,36,51,43,165,168,208,210,214,218,197,166,247,243,244,233,248,229,318,317,329,328,329,256,272,274,340,341,338,311,406,401,643,639,641,532,540,523,517,509]} 1. d4 Nf6 2. c4 g6 3. Nc3 Bg7 4. e4 O-O 5. Nf3 d6 6. Be2 Na6 7. O-O e5 8. Be3 Ng4 9. Bg5 Qe8 10. Re1 {E94: King's Indian: Classical: 6 Be2 e5 7 0-0: Various Black 7th moves} exd4 11. Nxd4 (11. Nd5 f6 12. Bf4 d3 13. Bxd3 Ne5 14. Bxe5 dxe5 15. c5 Rf7 16. Bxa6 bxa6 17. c6 Be6 {0-1 (52) Bacrot,E (2704)-Fressinet,L (2712) Calvi 2015}) 11... Qe5 12. Nf3 $1 {[%cal Rf3e5] White is slightly better.} Qc5 13. Bh4 Be6 14. Rc1 Bxc4 15. Nd5 Bxe2 16. Qxe2 Qa5 17. h3 $146 {[%mdl 2048] White fights for an advantage.} ({Predecessor:} 17. b4 Nxb4 {½-½ (67) Zilka,S (2472)-Saric,I (2500) Olbia 2008}) 17... Ne5 18. Nf6+ (18. Nxe5 $14 Bxe5 19. b4) 18... Kh8 (18... Bxf6 $1 $11 19. Bxf6 Nd7) 19. Nxe5 dxe5 20. a3 Rad8 {[#]} (20... Rac8 $14) 21. Nd5 $1 $18 {b4 is the strong threat.} Rxd5 22. exd5 Qxd5 23. Red1 Qb3 24. Bg5 f5 (24... e4 $142 25. Qxe4 Nc5) 25. Rd7 {[#] aiming for Rxg7!} e4 26. Qe3 Qxe3 27. Bxe3 Bxb2 28. Rb1 Be5 29. Rxb7 Kg8 30. Bxa7 ({Much less strong is} 30. Rxa7 $6 Nb8 $18) 30... Rf7 31. Rd8+ Kg7 32. Rd5 Bc3 33. g3 Kf6 34. Be3 Ke6 (34... Re7 $142 35. h4 h6) 35. Rd8 {White is clearly winning.} Rd7 36. Rxd7 Kxd7 37. Ra7 Nb8 38. Bf4 {Accuracy: White = 74%, Black = 38%.} 1-0

[Event "EICC 2019"]
[Site "Skopia"]
[Date "2019.03.20"]
[Round "3.34"]
[White "Gledura, Benjamin"]
[Black "Demuth, Adrien"]
[Result "1-0"]
[WhiteElo "2630"]
[BlackElo "2510"]
[Annotator "TA"]
[PlyCount "55"]
[EventDate "2019.03.18"]
[EventType "swiss"]
[EventCountry "MKD"]
[SourceTitle "playchess.com"]
[Source "ChessBase"]
[SourceQuality "1"]

{[%evp 23,55,8,14,0,0,0,0,-16,-14,-16,0,0,0,-54,0,0,0,0,0,0,304,248,284,272,587,594,677,649,1625,1623,1108,753,29988,29989]} 1. Nf3 f5 2. g3 Nf6 3. Bg2 g6 4. O-O Bg7 5. d4 O-O 6. b3 d6 7. Bb2 c6 8. c4 Na6 9. Nbd2 e5 10. dxe5 {A87: Dutch Defence: Leningrad System: 5 Nf3} Nd7 11. Ba3 Nxe5 (11... c5 12. e6 Nb6 13. Qc2 Bxe6 14. Rad1 Qe7 15. Bb2 Nb4 16. Qb1 Rad8 17. Bxg7 Qxg7 {1-0 (59) Korobov,A (2695)-Anton Guijarro,D (2679) Poikovsky 2017}) 12. Nxe5 Bxe5 {LiveBook: 4 Games} 13. Nf3 Bxa1 14. Qxa1 Nc5 15. Rd1 {[#] Threatens to win with Bxc5.} Qe7 $146 ({Predecessor:} 15... Qf6 16. Qc1 Qe7 17. Bb2 Ne4 {1-0 (38) Shirov,A (2500)-Bareev,E (2590) Lvov 1990}) 16. Qd4 Ne4 ({Don't play} 16... Rf6 17. Bb2 $16) 17. Nd2 {[%cal Rd2e4]} Nc5 $1 18. b4 (18. Bb2 $11) 18... Qxe2 ({Black should try} 18... Na4 $1 $15 19. Qd3 Be6) 19. Nf3 $36 {[%cal Bd2f3,Bf3e5,Be5d7][%mdl 2080] White has good play.} Ne6 20. Qa1 $1 f4 {Strongly threatening ...fxg3.} 21. g4 Qxc4 $2 {[%mdl 8192]} (21... Nc7 $11 {and Black stays safe.} 22. Rxd6 Bxg4) 22. Rxd6 Ng7 {[#]} 23. Bf1 $1 {[%cal Rf1c4]} Qe4 $2 (23... Qf7 {is a better chance.}) 24. Ne5 $18 Re8 {[#]} 25. Bc4+ $1 Kh8 26. Bb2 {Threatening mate with Nf7+.} Be6 27. Bxe6 Nxe6 28. Nd7+ {Precision: White = 55%, Black = 30%.} 1-0

[Event "EICC 2019"]
[Site "Skopia"]
[Date "2019.03.20"]
[Round "3.35"]
[White "Movsesian, Sergei"]
[Black "Keymer, Vincent"]
[Result "1/2-1/2"]
[WhiteElo "2627"]
[BlackElo "2509"]
[Annotator "TA"]
[PlyCount "38"]
[EventDate "2019.03.18"]
[EventType "swiss"]
[EventCountry "MKD"]
[SourceTitle "playchess.com"]
[Source "ChessBase"]
[SourceQuality "1"]

{[%evp 9,38,12,25,0,23,23,20,-14,-37,-54,-58,-66,-68,-79,0,0,0,0,0,0,0,0,0,0,0,0,0,0,0,0,0]} 1. e4 c5 2. Nf3 d6 3. Bb5+ Nd7 4. a4 Ngf6 5. Nc3 a6 6. Bc4 {B51: Sicilian: Moscow Variation (3 Bb5+) without 3...Bd7} (6. Be2 b6 7. d4 cxd4 8. Qxd4 Bb7 9. O-O e5 10. Qe3 Be7 11. Nd2 O-O 12. Rd1 Qc7 13. Nc4 {1-0 (39) Giri,A (2783)-Salem,A (2660) St Petersburg 2018}) 6... b6 7. O-O Bb7 8. Ng5 $146 {[%csl Gg5][%cal Rc4f7]} ({Predecessor:} 8. Re1 Qc8 9. d3 g6 10. Bg5 Bg7 11. Qd2 O-O 12. Bh6 Bc6 13. Nd5 {0-1 (55) Jones,G (2677)-Xiong,J (2651) chess.com INT 2018}) 8... e6 9. Bxe6 fxe6 10. Nxe6 Qc8 11. f4 {[#]} g6 ({Much worse is} 11... Nxe4 12. Nxe4 Bxe4 13. Re1 $11) (11... c4 $1 $17 {Hoping for ...Nc5.} 12. d3 Nc5 13. Nxc5 Qxc5+ 14. d4 Qc7) 12. Qe2 $1 $11 {The position is equal.} Be7 {Strongly threatening ...Nf8.} 13. e5 $1 {[%cal Re5f6]} dxe5 14. fxe5 Nh5 15. Qxh5 $1 {[%mdl 64] [#] Remove Defender} gxh5 16. Ng7+ {[%mdl 64] Double Attack} Kd8 17. Ne6+ Ke8 18. Ng7+ {[%mdl 64] Double Attack} Kd8 19. Ne6+ Ke8 1/2-1/2

[Event "EICC 2019"]
[Site "Skopia"]
[Date "2019.03.20"]
[Round "3.36"]
[White "Quparadze, Giga"]
[Black "Onischuk, Vladimir"]
[Result "1-0"]
[WhiteElo "2501"]
[BlackElo "2626"]
[Annotator "TA"]
[PlyCount "123"]
[EventDate "2019.03.18"]
[EventType "swiss"]
[EventCountry "MKD"]
[SourceTitle "playchess.com"]
[Source "ChessBase"]
[SourceQuality "1"]

{[%evp 16,123,39,-2,66,41,35,44,50,26,32,31,30,34,40,36,67,39,63,56,70,26,10,20,15,9,11,17,17,17,17,17,17,18,16,16,23,15,15,17,14,16,22,21,26,23,28,0,21,2,2,0,58,58,112,106,108,74,74,74,106,106,106,95,105,93,117,114,116,121,129,134,120,97,99,96,96,98,96,96,101,91,126,106,106,95,95,102,579,582,576,525,575,575,608,490,490,490,673,673,5385,5348,3564,2141,29991,29976,29992,29993,29993,29994]} 1. e4 d6 2. d4 g6 3. Nc3 Bg7 4. f4 Nf6 5. Nf3 O-O 6. Bd3 Na6 7. O-O c5 8. d5 Rb8 9. a4 Nc7 {B09: Pirc Defence: Austrian Attack} (9... Nb4 $11) (9... Bg4 10. h3 Bxf3 11. Rxf3 Nd7 12. Bc4 Nc7 13. Qd3 Nb6 14. Ba2 a6 15. Be3 Nd7 16. Bc4 Nb6 17. Ba2 Nd7 18. a5 b5 19. axb6 Rxb6 {½-½ (34) Yu,Y (2751)-Petrosian,T (2601) Riadh 2017}) 10. Bc4 a6 11. a5 Nb5 {[#] White must now prevent ...Nxc3.White is slightly better.} 12. Bxb5 axb5 13. e5 Ne8 $146 ({Predecessor:} 13... Ng4 14. exd6 exd6 15. Nxb5 Re8 16. Ra3 Bf5 {1-0 (36) Verstraeten,R (2171)-Butkiewicz,L (2402) Leiden 2012}) 14. Nxb5 Ra8 15. Bd2 dxe5 16. Nxe5 Qxd5 17. Be3 Qe4 18. Qd3 Qxd3 19. cxd3 Bf5 $1 {[#] Strongly threatening ...Bxe5.} 20. Rfd1 Nf6 21. Bxc5 Nd5 22. g3 Rfc8 23. b4 g5 $1 24. Nd4 {[%cal Bb5d4,Bd4e2,Be2f4][%mdl 32]} Bg6 25. Ne2 gxf4 26. Nxf4 Nxb4 $1 27. Nexg6 Rxc5 28. Nxe7+ Kf8 29. Rab1 Bd4+ 30. Kh1 Nc2 31. Ned5 Ra7 32. Rdc1 {Hoping for Nb6.} Raxa5 33. Rf1 $36 {[%mdl 2048] Ne6+ is the strong threat. White has the initiative.} ({But not} 33. Rxb7 $2 Ne3 $19) 33... Kg8 ({Better is} 33... Rxd5 $11 34. Nxd5 Rxd5) 34. Rxb7 $14 Ra1 (34... Rxd5 $14 35. Nxd5 Rxd5) 35. Rxa1 $16 Bxa1 36. Nh5 h6 37. Nhf4 Bd4 38. Rb8+ Kh7 39. Re8 Ra5 40. Kg2 Ra1 41. Re2 Ne1+ 42. Kh3 Nf3 {next ...Ng1+ is good for Black.} 43. Kg4 Rf1 44. Re7 Kg8 45. h4 Ne5+ 46. Kh5 Nxd3 47. Kxh6 {[%cal Re7e8]} Bg7+ 48. Kg5 Ne5 49. Kh5 Ng6 50. Re8+ Kh7 51. Nh3 {[%cal Rh3g5]} Be5 $2 {[%mdl 8192]} (51... Bh6 $16) 52. Ne3 $18 Rf6 53. Ng5+ Kg7 54. Kg4 Bd6 55. Nf5+ Rxf5 56. Kxf5 Bxg3 {[%mdl 4096] Endgame KRN-KBN} 57. h5 Ne5 58. Ne4 Nc4 59. Kg5 {Threatening mate with h6+.} Be5 60. h6+ {White mates.} Kh7 61. Kh5 {[%cal Re4g5]} f6 62. Re7+ {Accuracy: White = 70%, Black = 46%.} 1-0

[Event "EICC 2019"]
[Site "Skopia"]
[Date "2019.03.20"]
[Round "3.37"]
[White "Blagojevic, Dragisa"]
[Black "Sarana, Alexey"]
[Result "1/2-1/2"]
[WhiteElo "2498"]
[BlackElo "2625"]
[Annotator "TA"]
[PlyCount "28"]
[EventDate "2019.03.18"]
[EventType "swiss"]
[EventCountry "MKD"]
[SourceTitle "playchess.com"]
[Source "ChessBase"]
[SourceQuality "1"]

{[%evp 14,28,30,13,54,45,45,45,54,59,43,50,55,57,58,34,41]} 1. d4 Nf6 2. c4 e6 3. Nf3 d5 4. g3 Bb4+ 5. Bd2 Bd6 6. Qc2 {E01: Catalan: Early deviations} O-O 7. Bg2 Nbd7 8. O-O {LiveBook: 34 Games. White has an edge.} b6 $146 ({Predecessor:} 8... c6 9. Bf4 Bxf4 10. gxf4 b6 11. Ne5 Nxe5 12. fxe5 Ng4 13. Nd2 Ba6 14. cxd5 cxd5 15. Nf3 Nh6 16. Bh3 f5 17. Kh1 Kh8 18. Rg1 {½-½ (27) Andreikin,D (2736)-Carlsen,M (2840) Wijk aan Zee 2017}) 9. cxd5 {White is slightly better.} exd5 10. Nc3 Bb7 11. Nb5 Ne4 12. Nxd6 cxd6 13. Rfc1 Ndf6 14. Bg5 Nxg5 1/2-1/2

[Event "EICC 2019"]
[Site "Skopia"]
[Date "2019.03.20"]
[Round "3.38"]
[White "Jobava, Baadur"]
[Black "Ivic, Velimir"]
[Result "1/2-1/2"]
[WhiteElo "2622"]
[BlackElo "2487"]
[Annotator "TA"]
[PlyCount "90"]
[EventDate "2019.03.18"]
[EventType "swiss"]
[EventCountry "MKD"]
[SourceTitle "playchess.com"]
[Source "ChessBase"]
[SourceQuality "1"]

{[%evp 9,90,0,5,-6,-7,-2,14,5,11,0,4,-25,-19,-24,-26,-24,-20,-20,-20,-58,0,0,0,0,0,0,0,0,-6,-7,0,-5,0,-14,-7,-9,0,0,0,0,0,0,0,-14,-16,-17,-8,-40,-29,-56,0,-38,-18,-51,-45,-50,-38,-42,-52,-56,-45,-79,-81,-116,-100,-110,-21,-62,-66,-120,-42,-42,-27,-25,-21,-22,-21,-30,-8,-8,-10,-16,-11]} 1. e4 c5 2. Nc3 d6 3. f4 g6 4. Nf3 Bg7 5. Bb5+ Bd7 6. O-O {B23: Closed Sicilian: Lines without g3} Bxb5 7. Nxb5 Nh6 8. d3 Qd7 9. Nc3 Nc6 10. Kh1 $146 ({Predecessor:} 10. Bd2 f5 11. Rb1 O-O 12. a3 Rac8 13. Kh1 b6 14. Ne2 Nd4 15. c3 Nxf3 16. Rxf3 e6 17. c4 {0-1 (44) Alonso Moyano,J (2388)-Vazquez Igarza,R (2577) Linares 2018}) 10... f5 11. Be3 O-O 12. Qd2 Ng4 13. Bg1 Bh6 14. Ne2 e5 (14... fxe4 $15 15. dxe4 Qe6) 15. exf5 $11 exf4 16. fxg6 hxg6 17. d4 Ne3 18. Bxe3 fxe3 19. Qd3 Qf5 20. Qb3+ Qf7 21. c3 Qxb3 22. axb3 cxd4 23. Nexd4 Nxd4 24. Nxd4 Rf2 25. Rxf2 exf2 {[%mdl 4096] Endgame KRB-KRN} 26. g4 Re8 27. Rf1 $1 Be3 28. Ne2 Kg7 29. Kg2 Bc5 (29... Bb6 $15 30. Nf4 a5) 30. Nc1 a5 31. Nd3 Bb6 32. Rd1 Re2 33. Kf1 Rc2 34. h4 Be3 35. Kg2 b5 36. h5 gxh5 37. gxh5 Kh6 (37... Ba7 $17 38. Rh1 Kh6) 38. Kf3 Bb6 {And now ...Rd2! would win.} 39. Kg4 (39. Rf1 $1 $15) 39... d5 ({Better is} 39... Kg7 $17 40. Rh1 Kh7) 40. Nxf2 $1 $15 Rxf2 41. Rxd5 {KRB-KR} Bc7 42. Rxb5 Rxb2 {aiming for ...Rg2+.} 43. Rc5 Bh2 44. Rxa5 Rxb3 45. Ra6+ Kh7 {Accuracy: White = 40%, Black = 58%.} 1/2-1/2